[Event "Skopje U2200 op"]
[Site "Skopje"]
[Date "2017.12.07"]
[Round "1"]
[White "Trajkovski, Mile"]
[Black "Ruzicic, Sinisa"]
[Result "1-0"]
[WhiteElo "2196"]
[BlackElo "1992"]
[PlyCount "41"]
[EventDate "2017.12.07"]
[EventType "swiss"]
[EventRounds "7"]
[EventCountry "MKD"]
[SourceTitle "CBM 182 Extra"]
[Source "ChessBase"]
[SourceDate "2018.02.23"]
[SourceVersion "1"]
[SourceVersionDate "2018.02.23"]
[SourceQuality "1"]

1. Nf3 Nf6 2. g3 g6 3. c4 c5 4. Nc3 Bg7 5. Bg2 0-0 6. 0-0 Nc6 7. e3 e6 8. d4 cxd4 9. exd4 d5 10. c5 Ne4 11. Re1 Nxc3 12. bxc3 b6 13. a4 Re8 14. cxb6 axb6 15. Bf4 Ba6 16. h4 Rc8 17. h5 Na5 18. Rc1 Bc4 19. hxg6 hxg6 20. Ng5 Nc6 21. Bh3 1-0

[Event "Belgrade-chT Quality"]
[Site "Belgrade"]
[Date "2015.11.03"]
[Round "9"]
[White "Ruzicic, Sinisa"]
[Black "Bakovic, Nebojsa"]
[Result "0-1"]
[WhiteElo "1988"]
[BlackElo "2127"]
[PlyCount "118"]
[EventDate "2015.10.03"]
[EventType "team-tourn"]
[EventRounds "11"]
[EventCountry "SRB"]
[SourceTitle "EXT 2018"]
[Source "ChessBase"]
[SourceDate "2017.10.13"]
[SourceVersion "1"]
[SourceVersionDate "2017.10.13"]
[SourceQuality "1"]

1. Nf3 d6 2. d4 Nf6 3. g3 g6 4. Bg2 Bg7 5. 0-0 c6 6. c4 0-0 7. Nc3 Nbd7 8. e4 e5 9. d5 cxd5 10. cxd5 Nc5 11. Re1 b6 12. b4 Nb7 13. Bd2 a6 14. Rc1 Bd7 15. a3 Ne8 16. Bg5 f6 17. Be3 f5 18. Qd2 Rc8 19. Ng5 f4 20. gxf4 exf4 21. Bxf4 Bxc3 22. Rxc3 Rxc3 23. e5 Rc7 24. e6 Bb5 25. e7 Rxe7 26. Ne6 Rxe6 27. dxe6 Qe7 28. Bg5 Rf6 29. Bxf6 Nxf6 30. Bxb7 Qxb7 31. Qxd6 Qd5 32. Rd1 Qf3 33. Rc1 Kg7 34. Qxb6 Qg4+ 35. Kh1 Be2 36. Qc7+ Kh6 37. Qg3 Qxe6 38. Qe3+ Qxe3 39. fxe3 Nd5 40. Kg2 Bb5 41. Kf3 g5 42. e4 Nb6 43. Rc3 Kg6 44. Ke3 h5 45. Kd4 g4 46. e5 Kf5 47. Rc7 Nd7 48. Rc8 h4 49. Rh8 g3 50. hxg3 hxg3 51. Rg8 Kf4 52. e6 Nf6 53. Rxg3 Kxg3 54. Kc5 Kf4 55. Kb6 Nd5+ 56. Kb7 Ke5 57. a4 Bc4 58. b5 Bxb5 59. axb5 axb5 0-1

[Event "Belgrade-chT Quality"]
[Site "Belgrade"]
[Date "2015.10.17"]
[Round "5"]
[White "Ruzicic, Sinisa"]
[Black "Stosic, Slobodan"]
[Result "0-1"]
[WhiteElo "1988"]
[BlackElo "2141"]
[PlyCount "110"]
[EventDate "2015.10.03"]
[EventType "team-tourn"]
[EventRounds "11"]
[EventCountry "SRB"]
[SourceTitle "EXT 2018"]
[Source "ChessBase"]
[SourceDate "2017.10.13"]
[SourceVersion "1"]
[SourceVersionDate "2017.10.13"]
[SourceQuality "1"]

1. e4 c5 2. Nf3 Nc6 3. b4 cxb4 4. d4 d5 5. exd5 Qxd5 6. c4 Qa5 7. Nbd2 Nxd4 8. Nxd4 Qe5+ 9. Ne4 Qxe4+ 10. Be3 a6 11. Be2 Qxg2 12. Bf3 Qh3 13. c5 e5 14. Nc6 bxc6 15. Bxc6+ Bd7 16. Bxa8 Bxc5 17. Bxc5 Qc3+ 18. Kf1 Qxc5 19. Rc1 Qe7 20. Rg1 g6 21. Bc6 Nf6 22. Bxd7+ Qxd7 23. Qf3 Nd5 24. Rc5 Ne7 25. Qa8+ Qd8 26. Qxd8+ Kxd8 27. Rxe5 Nc6 28. Rc5 Kc7 29. Kg2 Rd8 30. Rgc1 Rd6 31. R5c4 Kb6 32. R1c2 a5 33. Rf4 f5 34. Rh4 h5 35. Rhc4 Ne5 36. Rc8 Nd3 37. Rb8+ Ka6 38. Rcc8 h4 39. Rd8 Rxd8 40. Rxd8 Nc1 41. Rd2 Kb5 42. f4 Nxa2 43. Rxa2 b3 44. Rd2 a4 45. Rd3 b2 46. Rd8 a3 47. Ra8 Kb4 48. Kh3 Kb3 49. Kxh4 a2 50. Kg5 a1Q 51. Rb8+ Kc2 52. Kxg6 Qg1+ 53. Kxf5 Qxh2 54. Ke4 Qe2+ 55. Kd4 Qe6 0-1

[Event "Belgrade-chT Quality"]
[Site "Belgrade"]
[Date "2015.10.11"]
[Round "4"]
[White "Ruzicic, Sinisa"]
[Black "Vujanovic, Aleksa"]
[Result "1-0"]
[WhiteElo "1988"]
[BlackElo "1697"]
[PlyCount "135"]
[EventDate "2015.10.03"]
[EventType "team-tourn"]
[EventRounds "11"]
[EventCountry "SRB"]
[SourceTitle "EXT 2018"]
[Source "ChessBase"]
[SourceDate "2017.10.13"]
[SourceVersion "1"]
[SourceVersionDate "2017.10.13"]
[SourceQuality "1"]

1. e4 c5 2. Nf3 d6 3. d4 cxd4 4. Nxd4 Nf6 5. Nc3 g6 6. Be3 Bg7 7. Qd2 Ng4 8. Bg5 Qb6 9. Ndb5 Be6 10. h3 h6 11. Bxe7 Kxe7 12. hxg4 a6 13. Na4 Qc6 14. Nbc3 Nd7 15. 0-0-0 Rhc8 16. Be2 Nc5 17. Nxc5 Qxc5 18. Rh3 h5 19. Rd3 hxg4 20. Qf4 Qe5 21. Qxe5 Bxe5 22. Nd5+ Bxd5 23. Rxd5 g3 24. fxg3 Bxg3 25. Rf1 f6 26. Rd3 Be5 27. Rh3 Rh8 28. Rfh1 f5 29. exf5 gxf5 30. Bf3 Rxh3 31. Rxh3 Rh8 32. Rxh8 Bxh8 33. Bxb7 a5 34. c3 Kd7 35. Kc2 Be5 36. Kb3 Kc7 37. Bf3 f4 38. Kc4 Kb6 39. a4 Bf6 40. b4 Bg7 41. Kb3 Bf6 42. Kc4 Bg7 43. Bd1 Bf6 44. Kd3 Bh4 45. Ke4 Bg3 46. Bf3 Be1 47. Kxf4 Bxc3 48. bxa5+ Bxa5 49. g4 Bc3 50. g5 Kc7 51. g6 Kd7 52. Kg5 Bd2+ 53. Kf6 Kc7 54. g7 Bc3+ 55. Kf7 Bxg7 56. Kxg7 Kb6 57. Kf6 Ka5 58. Bd1 d5 59. Ke5 d4 60. Kxd4 Kb4 61. Kd5 Ka5 62. Kc5 Ka6 63. Kb4 Kb6 64. a5+ Ka6 65. Be2+ Kb7 66. Kb5 Ka7 67. Bf3 Kb8 68. Kb6 1-0

[Event "Belgrade-chT"]
[Site "Belgrade"]
[Date "2014.10.05"]
[Round "2"]
[White "Ilic, Slobodan R"]
[Black "Ruzicic, Sinisa"]
[Result "1-0"]
[WhiteElo "2046"]
[BlackElo "1996"]
[PlyCount "109"]
[EventDate "2014.10.04"]
[EventType "team-tourn"]
[EventRounds "13"]
[EventCountry "SRB"]
[SourceTitle "EXT 2015"]
[Source "ChessBase"]
[SourceDate "2014.11.20"]
[SourceVersion "1"]
[SourceVersionDate "2014.11.20"]
[SourceQuality "1"]

1. Nf3 Nf6 2. g3 g6 3. Bg2 Bg7 4. 0-0 0-0 5. c4 c5 6. Nc3 Nc6 7. d4 cxd4 8. Nxd4 a6 9. Nb3 d6 10. Na4 Be6 11. c5 Ne8 12. Be3 d5 13. Nb6 Rb8 14. Nd4 Nxd4 15. Bxd4 f6 16. Bc3 Nc7 17. Ba5 d4 18. Nd5 Bxd5 19. Bxc7 Qxc7 20. Bxd5+ Kh8 21. Qxd4 f5 22. Qb4 Qe5 23. Rad1 e6 24. Bb3 Rfc8 25. Qb6 Qxb2 26. Rd7 Qe5 27. Rfd1 h5 28. Bxe6 Rc6 29. Rd8+ Kh7 30. Bg8+ Kh6 31. Qa5 Rxd8 32. Qxd8 f4 33. Rd5 Qf6 34. Qxf6 Rxf6 35. Rd7 fxg3 36. hxg3 Rc6 37. Rxb7 Rxc5 38. Rb6 a5 39. Bf7 Rg5 40. Kf1 Bd4 41. Rd6 Kg7 42. Bxg6 Bc5 43. Rc6 Bb4 44. Bd3 Bd2 45. e3 Bb4 46. Be2 Be7 47. Rb6 a4 48. Rb5 Rxb5 49. Bxb5 a3 50. Kg2 h4 51. gxh4 Bxh4 52. f4 Kf6 53. Kf3 Be1 54. e4 Bc3 55. e5+ 1-0

[Event "Belgrade City-chT"]
[Site "Belgrade"]
[Date "2013.11.11"]
[Round "7"]
[White "Ruzicic, Sinisa"]
[Black "Ugrcic, Zoran"]
[Result "0-1"]
[WhiteElo "1990"]
[BlackElo "2054"]
[PlyCount "66"]
[EventDate "2013.10.26"]
[EventType "team-tourn"]
[EventRounds "11"]
[EventCountry "SRB"]
[SourceTitle "EXT 2015"]
[Source "ChessBase"]
[SourceDate "2014.11.20"]
[SourceVersion "1"]
[SourceVersionDate "2014.11.20"]
[SourceQuality "1"]

1. Nf3 f5 2. g3 g6 3. Bg2 Nf6 4. 0-0 Bg7 5. c4 0-0 6. Nc3 d6 7. d4 c6 8. b3 Qc7 9. Bb2 e5 10. c5 e4 11. cxd6 Qxd6 12. Ne5 Nbd7 13. Nc4 Qe6 14. Ba3 Rd8 15. e3 Nb6 16. Rc1 Nfd5 17. Ne2 Bd7 18. Nf4 Nxf4 19. gxf4 Nd5 20. Ne5 Be8 21. Qe2 Bf7 22. f3 exf3 23. Bxf3 Qf6 24. Nxf7 Qxf7 25. Bxd5 Rxd5 26. Rc5 Re8 27. Rxd5 Qxd5 28. Qc4 Qxc4 29. bxc4 Rxe3 30. Bc5 b6 31. d5 bxc5 32. dxc6 Re6 33. c7 Rc6 0-1

[Event "Senta op-B 17th"]
[Site "Senta"]
[Date "2013.07.18"]
[Round "7"]
[White "Janjic, Stefan"]
[Black "Ruzicic, Sinisa"]
[Result "0-1"]
[WhiteElo "1892"]
[BlackElo "1978"]
[PlyCount "68"]
[EventDate "2013.07.13"]
[EventType "swiss"]
[EventRounds "9"]
[EventCountry "SRB"]
[SourceTitle "EXT 2014"]
[Source "ChessBase"]
[SourceDate "2013.11.20"]
[SourceVersion "1"]
[SourceVersionDate "2013.11.20"]
[SourceQuality "1"]

1. d4 d5 2. c4 e5 3. dxe5 d4 4. Nf3 Nc6 5. g3 Be6 6. Nbd2 Bb4 7. Qc2 Qd7 8. a3 Bf5 9. Qa4 Bxd2+ 10. Bxd2 Be4 11. 0-0-0 Nxe5 12. Qxd7+ Nxd7 13. Bf4 c5 14. Rg1 Ne7 15. Ng5 Bc6 16. e3 h6 17. Nh3 g5 18. Bc7 Rc8 19. Ba5 Bf3 20. Re1 0-0 21. Bd2 Nc6 22. Be2 Nde5 23. Bf1 Rfe8 24. b3 a6 25. Kb2 d3 26. Bg2 b5 27. Rc1 Bxg2 28. Rxg2 Nf3 29. cxb5 axb5 30. Bc3 b4 31. axb4 cxb4 32. Bd4 Ncxd4 33. exd4 Rxc1 34. Kxc1 Re1+ 0-1

[Event "Senta op-B 17th"]
[Site "Senta"]
[Date "2013.07.15"]
[Round "4"]
[White "Ruzicic, Sinisa"]
[Black "Bulatovic, Luka"]
[Result "1-0"]
[WhiteElo "1978"]
[BlackElo "1677"]
[PlyCount "49"]
[EventDate "2013.07.13"]
[EventType "swiss"]
[EventRounds "9"]
[EventCountry "SRB"]
[SourceTitle "EXT 2014"]
[Source "ChessBase"]
[SourceDate "2013.11.20"]
[SourceVersion "1"]
[SourceVersionDate "2013.11.20"]
[SourceQuality "1"]

1. e4 c5 2. Nf3 Nc6 3. b4 cxb4 4. d4 d5 5. exd5 Qxd5 6. c4 Qe4+ 7. Be2 Bg4 8. Nbd2 Qg6 9. d5 Nb8 10. Qb3 Qb6 11. Ne4 e6 12. Be3 Qa5 13. 0-0 Nd7 14. d6 Ngf6 15. Nxf6+ Nxf6 16. Rfd1 g6 17. Bd4 Bg7 18. d7+ Kf8 19. a3 e5 20. axb4 Qc7 21. Bxe5 Qd8 22. Qb2 Nh5 23. Qd4 f6 24. Bd6+ Kf7 25. Qxg4 1-0

[Event "World Amateur-ch"]
[Site "Iasi"]
[Date "2013.04.27"]
[Round "6"]
[White "Egeto, Janos Lehel"]
[Black "Ruzicic, Sinisa"]
[Result "1-0"]
[WhiteElo "1865"]
[BlackElo "1992"]
[PlyCount "83"]
[EventDate "2013.04.22"]
[EventType "swiss"]
[EventRounds "9"]
[EventCountry "ROU"]
[SourceTitle "CBM 154 Extra"]
[Source "ChessBase"]
[SourceDate "2013.06.25"]
[SourceVersion "2"]
[SourceVersionDate "2013.06.25"]
[SourceQuality "1"]

1. d4 Nf6 2. Nf3 d5 3. c4 c6 4. e3 g6 5. Nc3 Bg7 6. Bd3 0-0 7. 0-0 Nbd7 8. cxd5 Nxd5 9. Nxd5 cxd5 10. Qb3 e6 11. Bd2 a5 12. Rfc1 Nb6 13. Rc5 a4 14. Qa3 Re8 15. Bb4 Nc4 16. Bxc4 b6 17. Rxc8 Qxc8 18. Bb5 Rd8 19. Ne5 Bxe5 20. dxe5 Qc2 21. Bd3 Qc6 22. Qc3 Qxc3 23. Bxc3 Rac8 24. Bd4 a3 25. b4 Rc6 26. b5 Rcc8 27. Kf1 f6 28. exf6 Kf7 29. Ke2 Ra8 30. Rb1 Rab8 31. f4 h5 32. Kd2 Rb7 33. Kc3 Ra7 34. Kb3 h4 35. Rc1 Ra5 36. Rc6 Raa8 37. Bxb6 Kg8 38. Bd4 Kf7 39. b6 Rab8 40. Kxa3 Ra8+ 41. Kb3 Rab8 42. a4 1-0

[Event "World Amateur-ch"]
[Site "Iasi"]
[Date "2013.04.23"]
[Round "2"]
[White "Sandhya, Goli"]
[Black "Ruzicic, Sinisa"]
[Result "0-1"]
[WhiteElo "1769"]
[BlackElo "1992"]
[PlyCount "72"]
[EventDate "2013.04.22"]
[EventType "swiss"]
[EventRounds "9"]
[EventCountry "ROU"]
[SourceTitle "CBM 154 Extra"]
[Source "ChessBase"]
[SourceDate "2013.06.25"]
[SourceVersion "2"]
[SourceVersionDate "2013.06.25"]
[SourceQuality "1"]

1. e4 c5 2. Nf3 d6 3. d4 cxd4 4. Nxd4 Nf6 5. Nc3 a6 6. Bg5 e6 7. f4 Be7 8. Qf3 0-0 9. 0-0-0 Qc7 10. g4 Nc6 11. Nxc6 bxc6 12. Re1 Rb8 13. e5 dxe5 14. fxe5 Nd5 15. Bxe7 Qxe7 16. Nd1 Qg5+ 17. Kb1 Rb4 18. h3 c5 19. Bd3 c4 20. Be4 Bb7 21. c3 Rb5 22. h4 Qe7 23. g5 a5 24. Ka1 a4 25. a3 Rb3 26. Ka2 Rb8 27. Rh2 Bc6 28. Qh5 g6 29. Qg4 Qb7 30. Qe2 Rxa3+ 31. bxa3 Qb3+ 32. Ka1 Qxa3+ 33. Qa2 Qc1+ 34. Bb1 Nxc3 35. Nxc3 Qxc3+ 36. Rb2 a3 0-1

[Event "Belgrade-chT"]
[Site "Belgrade"]
[Date "2011.10.10"]
[Round "9.2"]
[White "Ruzicic, Sinisa"]
[Black "Kalinic, Dusan"]
[Result "1/2-1/2"]
[WhiteElo "1977"]
[BlackElo "2052"]
[PlyCount "31"]
[EventDate "2011.10.01"]
[EventType "team-tourn"]
[EventRounds "11"]
[EventCountry "SRB"]
[SourceTitle "CBM 144 Extra"]
[Source "ChessBase"]
[SourceDate "2011.10.28"]
[SourceVersion "1"]
[SourceVersionDate "2011.10.28"]
[SourceQuality "1"]
[WhiteTeam "Politika"]
[BlackTeam "Delfin"]
[WhiteTeamCountry "YUG"]
[BlackTeamCountry "YUG"]

1. Nf3 Nf6 2. g3 d6 3. d4 g6 4. Bg2 Bg7 5. 0-0 0-0 6. c4 Nc6 7. Nc3 e5 8. dxe5 Nxe5 9. Nxe5 dxe5 10. Qxd8 Rxd8 11. Bg5 Re8 12. Nb5 Re7 13. Rad1 Be6 14. b3 c6 15. Nd6 h6 16. Bc1 1/2-1/2

[Event "Belgrade-chT"]
[Site "Belgrade"]
[Date "2011.10.04"]
[Round "4.3"]
[White "Ruzicic, Sinisa"]
[Black "Jakovljev, Zoran"]
[Result "0-1"]
[WhiteElo "1977"]
[BlackElo "2255"]
[PlyCount "70"]
[EventDate "2011.10.01"]
[EventType "team-tourn"]
[EventRounds "11"]
[EventCountry "SRB"]
[SourceTitle "CBM 144 Extra"]
[Source "ChessBase"]
[SourceDate "2011.10.28"]
[SourceVersion "1"]
[SourceVersionDate "2011.10.28"]
[SourceQuality "1"]
[WhiteTeam "Politika"]
[BlackTeam "Post Stedionica"]
[WhiteTeamCountry "YUG"]
[BlackTeamCountry "YUG"]

1. c4 g6 2. Nc3 Bg7 3. g3 d6 4. d4 Nd7 5. Bg2 e5 6. e3 Nh6 7. Nge2 0-0 8. 0-0 f5 9. e4 c6 10. Be3 Qe7 11. Qd2 Nf7 12. Rad1 Nf6 13. b3 Ng4 14. d5 c5 15. a3 Nxe3 16. Qxe3 f4 17. Qd3 Ng5 18. f3 h5 19. b4 b6 20. bxc5 bxc5 21. Rb1 fxg3 22. hxg3 h4 23. f4 Nh3+ 24. Kh1 hxg3 25. Bxh3 Bxh3 26. Rf3 exf4 27. Nxg3 Qh4 28. Nce2 Bg4+ 29. Kg2 Bxf3+ 30. Qxf3 Qg5 31. Kf1 Rab8 32. Rb5 a6 33. Rxb8 Rxb8 34. e5 Bxe5 35. Ne4 Rb1+ 0-1

[Event "Belgrade tt Cup"]
[Site "Belgrade"]
[Date "2011.04.17"]
[Round "5"]
[White "Ruzicic, Sinisa"]
[Black "Petrovic, Igor R"]
[Result "1/2-1/2"]
[WhiteElo "1950"]
[BlackElo "2133"]
[PlyCount "29"]
[EventDate "2011.04.13"]
[EventType "team-tourn"]
[EventRounds "5"]
[EventCountry "SRB"]
[SourceTitle "CBM 141 Extra"]
[Source "ChessBase"]
[SourceDate "2011.05.03"]
[SourceVersion "1"]
[SourceVersionDate "2011.05.03"]
[SourceQuality "1"]

1. e4 e5 2. Nf3 Nc6 3. Bb5 a6 4. Ba4 Nf6 5. 0-0 b5 6. Bb3 Bb7 7. c3 Be7 8. Re1 d6 9. d3 0-0 10. Nbd2 Na5 11. Bc2 c5 12. Nf1 Nc6 13. Ng3 Re8 14. Nf5 Bf8 15. h3 1/2-1/2

[Event "Belgrade tt Cup"]
[Site "Belgrade"]
[Date "2011.04.15"]
[Round "3"]
[White "Ruzicic, Sinisa"]
[Black "Senic, Branko"]
[Result "1-0"]
[WhiteElo "1950"]
[BlackElo "2148"]
[PlyCount "103"]
[EventDate "2011.04.13"]
[EventType "team-tourn"]
[EventRounds "5"]
[EventCountry "SRB"]
[SourceTitle "CBM 141 Extra"]
[Source "ChessBase"]
[SourceDate "2011.05.03"]
[SourceVersion "1"]
[SourceVersionDate "2011.05.03"]
[SourceQuality "1"]

1. e4 e5 2. Nf3 Nc6 3. Bc4 Bc5 4. b4 Bxb4 5. c3 Ba5 6. 0-0 d6 7. h3 Nf6 8. d3 h6 9. Be3 0-0 10. Qc2 Qe7 11. Nbd2 Re8 12. Rab1 Bb6 13. Nh2 Be6 14. Bxe6 Qxe6 15. Nc4 d5 16. Nxb6 axb6 17. a4 dxe4 18. dxe4 Qc4 19. f3 Rxa4 20. Rbe1 Nd4 21. Qf2 Ra2 22. Qh4 Nc2 23. Bxh6 Nxe1 24. Rxe1 gxh6 25. Qxf6 Qe6 26. Ng4 Kh7 27. Qh4 Kg7 28. Rd1 Qg6 29. Rd7 Qg5 30. Qe1 Rd8 31. Rxd8 Qxd8 32. Nxe5 Qg5 33. Ng4 h5 34. Ne3 b5 35. h4 Qe5 36. Nd5 c6 37. f4 Qd6 38. Nb4 Qc5+ 39. Kf1 Qc4+ 40. Kg1 Re2 41. Qg3+ Kf8 42. e5 Qc5+ 43. Kh2 Qe7 44. Nd3 c5 45. f5 f6 46. Nf4 Qh7 47. Nxe2 Qxf5 48. exf6 Qxf6 49. Nf4 b4 50. cxb4 cxb4 51. Nxh5 Qd4 52. Qf4+ 1-0

[Event "Belgrade tt Cup"]
[Site "Belgrade"]
[Date "2011.04.14"]
[Round "2"]
[White "Ruzicic, Sinisa"]
[Black "Kosanovic, Dragan"]
[Result "1/2-1/2"]
[WhiteElo "1950"]
[BlackElo "2335"]
[PlyCount "59"]
[EventDate "2011.04.13"]
[EventType "team-tourn"]
[EventRounds "5"]
[EventCountry "SRB"]
[SourceTitle "CBM 141 Extra"]
[Source "ChessBase"]
[SourceDate "2011.05.03"]
[SourceVersion "1"]
[SourceVersionDate "2011.05.03"]
[SourceQuality "1"]

1. e4 e6 2. d4 d5 3. Nd2 Ne7 4. Ngf3 Nd7 5. Bd3 c5 6. c3 cxd4 7. Nxd4 Nc5 8. Bb5+ Bd7 9. Qe2 a6 10. Bxd7+ Qxd7 11. exd5 Nxd5 12. Ne4 Be7 13. 0-0 0-0 14. Nxc5 Bxc5 15. Nf3 Rfd8 16. c4 Nb4 17. Ne5 Qc7 18. a3 Nc2 19. Qxc2 Qxe5 20. Rb1 Rd7 21. b4 Bd4 22. Bd2 Rad8 23. Rbe1 Qf6 24. Be3 Bxe3 25. Rxe3 Rd2 26. Qe4 R8d7 27. c5 g6 28. g3 R7d5 29. Rf3 Qd8 30. Re1 1/2-1/2

[Event "Belgrade tt Cup"]
[Site "Belgrade"]
[Date "2011.04.13"]
[Round "1"]
[White "Ruzicic, Sinisa"]
[Black "Markovic, Aleksandar"]
[Result "1-0"]
[WhiteElo "1950"]
[BlackElo "1861"]
[PlyCount "77"]
[EventDate "2011.04.13"]
[EventType "team-tourn"]
[EventRounds "5"]
[EventCountry "SRB"]
[SourceTitle "CBM 141 Extra"]
[Source "ChessBase"]
[SourceDate "2011.05.03"]
[SourceVersion "1"]
[SourceVersionDate "2011.05.03"]
[SourceQuality "1"]

1. e4 d6 2. d4 Nf6 3. Nc3 e5 4. dxe5 dxe5 5. Qxd8+ Kxd8 6. Bg5 Bd6 7. 0-0-0 a6 8. Bc4 Ke8 9. Bxf6 gxf6 10. Nge2 Be6 11. Bd5 Bxd5 12. Nxd5 Nd7 13. Ng3 Rc8 14. Nh5 Be7 15. Ng7+ Kf8 16. Nf5 Bc5 17. Rd2 c6 18. Nde3 Bxe3 19. Nxe3 Nc5 20. f3 Ne6 21. Rhd1 Ke8 22. Nf5 Rc7 23. g3 Rg8 24. c3 a5 25. a4 Rg5 26. Kc2 b6 27. b3 Rg6 28. Nd6+ Ke7 29. Nc4 b5 30. Nxa5 bxa4 31. bxa4 Rg8 32. Nc4 Ra8 33. a5 Nc5 34. Ra1 Rca7 35. Rad1 Ra6 36. Rb1 Nd7 37. Rb7 Rd8 38. Nb6 Rxa5 39. Rdxd7+ 1-0

[Event "Belgrade Trophy 23rd"]
[Site "Obrenovac"]
[Date "2010.12.02"]
[Round "9"]
[White "Ruzicic, Sinisa"]
[Black "Nenezic, Marko"]
[Result "0-1"]
[WhiteElo "1960"]
[BlackElo "2165"]
[PlyCount "80"]
[EventDate "2010.11.24"]
[EventType "swiss"]
[EventRounds "9"]
[EventCountry "YUG"]
[SourceTitle "CBM 139 Extra"]
[Source "ChessBase"]
[SourceDate "2011.01.05"]
[SourceVersion "1"]
[SourceVersionDate "2011.01.05"]
[SourceQuality "1"]

1. e4 c5 2. Nf3 d6 3. d4 cxd4 4. Nxd4 Nf6 5. Nc3 a6 6. Bg5 e6 7. Be2 Be7 8. Qd2 Qc7 9. 0-0 0-0 10. Rad1 b5 11. a3 Bb7 12. Bxf6 Bxf6 13. f4 Nc6 14. Nxc6 Qxc6 15. Qxd6 Bxc3 16. Qxc6 Bxc6 17. bxc3 Bxe4 18. Bf3 Bxf3 19. Rxf3 Rfc8 20. Rd7 g6 21. g4 Rc4 22. h3 Rac8 23. Rdd3 R8c5 24. g5 Kg7 25. Kf2 Ra4 26. Ke3 Rxa3 27. Kd2 Ra4 28. Rd4 Rxd4+ 29. cxd4 Rc4 30. c3 b4 31. Rd3 Rxc3 32. Rxc3 bxc3+ 33. Kxc3 f6 34. h4 fxg5 35. hxg5 h6 36. gxh6+ Kxh6 37. d5 exd5 38. Kd4 Kh5 39. Kxd5 Kg4 40. Ke5 a5 0-1

[Event "Belgrade Trophy 23rd"]
[Site "Obrenovac"]
[Date "2010.11.29"]
[Round "6"]
[White "Masovic, Bogosav"]
[Black "Ruzicic, Sinisa"]
[Result "0-1"]
[WhiteElo "1794"]
[BlackElo "1960"]
[PlyCount "115"]
[EventDate "2010.11.24"]
[EventType "swiss"]
[EventRounds "9"]
[EventCountry "YUG"]
[SourceTitle "CBM 139 Extra"]
[Source "ChessBase"]
[SourceDate "2011.01.05"]
[SourceVersion "1"]
[SourceVersionDate "2011.01.05"]
[SourceQuality "1"]

1. d4 Nf6 2. c4 g6 3. Nc3 Bg7 4. e4 d6 5. Nf3 0-0 6. Be2 e5 7. d5 Nbd7 8. h3 Nc5 9. Qc2 a5 10. 0-0 Nh5 11. Re1 Nf4 12. Bf1 f5 13. Bxf4 exf4 14. e5 dxe5 15. Nxe5 Re8 16. Nd3 Nxd3 17. Qxd3 Be5 18. c5 Qf6 19. Rad1 Bd7 20. Qc2 g5 21. Bb5 Bxb5 22. Nxb5 g4 23. Qd3 f3 24. hxg4 fxg4 25. Qc4 Kh8 26. g3 Rg8 27. Rxe5 Qxe5 28. Qd4 Qxd4 29. Nxd4 Rad8 30. Ne6 Rd7 31. Nf4 Re8 32. Kf1 Kg7 33. Rd4 Re5 34. a3 Kf6 35. b4 axb4 36. Rxb4 c6 37. Rb6 Kg5 38. d6 Kf5 39. Nd3 Rd5 40. Rb3 Ke4 41. Nb2 Rxc5 42. Rb4+ Kd5 43. Ke1 Kxd6 44. Rxg4 Rc2 45. Rd4+ Kc7 46. Rxd7+ Kxd7 47. Nd3 Rc3 48. Kd2 Rxa3 49. Ke3 c5 50. Ke4 Kd6 51. Ne1 c4 52. Nxf3 b5 53. Nh4 Kc5 54. Nf5 Ra8 55. Ke3 Rd8 56. Ke2 c3 57. Ne3 b4 58. Nd1 0-1

[Event "Belgrade Trophy 23rd"]
[Site "Obrenovac"]
[Date "2010.11.24"]
[Round "1"]
[White "Ruzicic, Sinisa"]
[Black "Pancevski, Filip"]
[Result "0-1"]
[WhiteElo "1960"]
[BlackElo "2403"]
[PlyCount "124"]
[EventDate "2010.11.24"]
[EventType "swiss"]
[EventRounds "9"]
[EventCountry "YUG"]
[SourceTitle "CBM 139 Extra"]
[Source "ChessBase"]
[SourceDate "2011.01.05"]
[SourceVersion "1"]
[SourceVersionDate "2011.01.05"]
[SourceQuality "1"]

1. e4 c5 2. Nf3 d6 3. Nc3 Nf6 4. d4 cxd4 5. Nxd4 Nc6 6. Be2 e5 7. Nb3 Be6 8. Be3 a5 9. 0-0 Be7 10. Bf3 a4 11. Nc1 Qa5 12. Nd5 Bxd5 13. exd5 Nb8 14. c4 Nbd7 15. Bd2 Qc7 16. Qe2 Nb6 17. Nd3 Qxc4 18. Rac1 Qb5 19. Rc7 Nbxd5 20. Rfc1 Nxc7 21. Rxc7 Rb8 22. Bb4 Qb6 23. Rxe7+ Kxe7 24. Qxe5+ Kd7 25. Qf5+ Ke8 26. Ba5 Qa6 27. g4 h6 28. Bc3 Qc4 29. Bxf6 gxf6 30. Qxf6 Kd7 31. Nf4 Rbd8 32. Nd5 Qc1+ 33. Kg2 Kc8 34. Qxf7 Kb8 35. b4 Rhf8 36. Qe7 Qc6 37. Qe2 Rde8 38. Qd3 Qd7 39. Ne3 Rf4 40. a3 Ref8 41. Nf5 h5 42. h3 R4xf5 43. gxf5 Rxf5 44. Qd4 Re5 45. Qh4 Qg7+ 46. Kh2 Rg5 47. Qe4 d5 48. Qe8+ Kc7 49. h4 Qe5+ 50. Qxe5+ Rxe5 51. Kg3 d4 52. Kf4 Re1 53. Bxh5 d3 54. Kg5 Rg1+ 55. Kf5 Kd6 56. Be8 Rh1 57. h5 d2 58. Bxa4 b5 59. Bb3 Rxh5+ 60. Ke4 Rh1 61. a4 Rb1 62. Bc2 bxa4 0-1

[Event "Belgrade Spring op"]
[Site "Belgrade"]
[Date "2010.03.30"]
[Round "7"]
[White "Ruzicic, Sinisa"]
[Black "Maksimovic, Marko"]
[Result "1/2-1/2"]
[WhiteElo "2016"]
[BlackElo "2217"]
[PlyCount "94"]
[EventDate "2010.03.23"]
[EventType "swiss"]
[EventRounds "9"]
[EventCountry "YUG"]
[SourceTitle "CBM 135 Extra"]
[Source "ChessBase"]
[SourceDate "2010.05.04"]
[SourceVersion "1"]
[SourceVersionDate "2010.05.04"]
[SourceQuality "1"]

1. e4 c5 2. Nf3 d6 3. d4 cxd4 4. Nxd4 Nf6 5. Nc3 Bd7 6. Be2 Bc6 7. Nxc6 bxc6 8. 0-0 Nbd7 9. Be3 e6 10. f4 Be7 11. Qe1 0-0 12. g4 e5 13. g5 Ne8 14. Qg3 exf4 15. Qxf4 Ne5 16. h4 Nc7 17. Bd3 f6 18. Qg3 fxg5 19. Rxf8+ Qxf8 20. Rf1 Qd8 21. hxg5 Ne6 22. Rf5 Bxg5 23. Bf2 Qc7 24. Rxe5 dxe5 25. Bc4 Bf4 26. Bxe6+ Kh8 27. Qh3 Qd6 28. Bf5 g6 29. Be6 Kg7 30. Kg2 Bc1 31. Ne2 Bg5 32. Bb3 Qd2 33. Qf3 Rf8 34. Qd3 Rd8 35. Qf3 h5 36. Bxa7 Rf8 37. Qd3 Qe1 38. Ng1 Rf4 39. Be6 Bh4 40. Be3 Bf2 41. Qd7+ Kh6 42. Bxf4+ exf4 43. Nf3 Qxe4 44. Qe7 Bd4 45. Qg5+ Kg7 46. Qe7+ Kh6 47. Qg5+ Kg7 1/2-1/2